00343pab a2200133 454500008004000000100002400040245003800064260000900102300001300111362001100124650002400135650001600159773003400175180718b2017 xxu||||| |||| 00| 0 eng d aChhokar, Jagdeep S. aBlack money and politics in India c2017 ap.91-98. a18 Feb aBlack money - India aBlack money aEconomic and Political Weekly